00415nam a2200157Ia 4500003000400000005001700004008004000021020001800061040000700079041000800086082001600094100002500110245004300135260006600178300001300244OSt20250816120630.0210210b2008 xxu||||| |||| 00| 0 eng d a9788190656672 cAL aeng a576.15 MOHT aPradipta K Mohapatra aTextbook of environmental microbiology aNew DelhibI K International Publishing House Pvt. Ltd.c2008 axii,533p